000 00292nam a22001337a 4500
008 180927b xxu||||| |||| 00| 0 eng d
020 _a9781451146240
041 _aeng
080 _a610.73
100 _a1
101 _aINF
245 _aNursing Pharmacology
_cWilliams,L
942 _2udc
_cBK
999 _c48610
_d48610